Normal view
MARC view
Entry Personal Name
001 - CONTROL NUMBER
- control field: 1238194
003 - CONTROL NUMBER IDENTIFIER
- control field: OSt
005 - DATE AND TIME OF LATEST TRANSACTION
- control field: 20260430150658.0
008 - FIXED-LENGTH DATA ELEMENTS
- fixed length control field: 260430|| aca||aabn | a|a d
040 ## - CATALOGING SOURCE
- Original cataloging agency: OSt
- Transcribing agency: OSt
100 ## - HEADING--PERSONAL NAME
- Personal name: Thapliyal Stuti Au.; Sachidanand Unita Gu
670 ## - SOURCE DATA FOUND
- Source citation: Work cat.: (OSt)1850372: Thapliyal Stuti Au.; Sachidanand Unita Gu., Caught in the Cross-Fire: Women’s Problems as seen in Yoko Ota’s "City of Corpses", 2024
